The sad road from Kyoto to Durban (Record no. 71026)

MARC details
000 -LEADER
fixed length control field 00294nam a2200121Ia 4500
245 #4 - TITLE STATEMENT
Title The sad road from Kyoto to Durban
260 ## - PUBLICATION, DISTRIBUTION, ETC. (IMPRINT)
Name of publisher The Economist
Year of publication 2011
300 ## - PHYSICAL DESCRIPTION
Number of Pages 16
650 ## - SUBJECT ADDED ENTRY--TOPICAL TERM
Topical Term Climate change
650 ## - SUBJECT ADDED ENTRY--TOPICAL TERM
Topical Term Global warming
942 ## - ADDED ENTRY ELEMENTS (KOHA)
Koha item type Journals
Holdings
Withdrawn status Lost status Damaged status Not for loan Home library Current library Shelving location Date acquired Serial Enumeration / chronology Koha item type
      Journals RRII Library RRII Library Climate change 23/12/2012 Volume 401, Issue 8762 Journals